000 00612nam a2200229Ia 4500
003 OSt
005 20220918210323.0
006 a|||||r|||| 00| 0
007 ta
008 220917b |||||||| |||| 00| 0 eng d
024 _a120,004
037 _cTextual
040 _aARTS
_cARTS
_beng
041 _2eng
_aeng
082 _aV73:271:N5, J81
100 _aSchmidhauser John R
_9117780
245 0 _aSupreme court as final arbiter in federal-state relations
260 _c1958
650 _aHISTORY
942 _hV73:271:N5, J81
_cTEXL
_2CC
999 _c243262
_d243262